Times por Escudo - Primeira División 2024 (Chile) - Statistics

Estatísticas Gerais
  • Esse quiz foi jogado 98 vezes
  • A pontuação média é 11 de 16
Estatísticas das Respostas
Imagem Resposta % Correto
Palestino
92%
Colo-Colo
89%
Cobresal
88%
Universidad de Chile
85%
Audax Italiano
82%
Huachipato
82%
Universidad Católica
81%
Unión Española
79%
Cobreloa
77%
Ñublense
74%
Coquimbo Unido
65%
Everton
63%
Deportes Iquique
60%
O'Higgins
56%
Union La Calera
56%
Copiapó
17%
Nenhum quiz correspondente encontrado
Distribuição das Pontuações
Porcentagem de Pessoas com Cada Pontuação
Percentil de Números Respondidos
Sua Pontuação Histórica
Você não jogou esse quiz